sleuth or dare / (Record no. 148)

MARC details
000 -LEADER
fixed length control field 00815nam a22002537a 4500
001 - CONTROL NUMBER
control field 148
003 - CONTROL NUMBER IDENTIFIER
control field FISKH
005 - DATE AND TIME OF LATEST TRANSACTION
control field 20230301105024.0
008 - FIXED-LENGTH DATA ELEMENTS--GENERAL INFORMATION
fixed length control field 230301b cb ||||| |||| 00| 0 eng d
020 ## - INTERNATIONAL STANDARD BOOK NUMBER
International Standard Book Number 9780545389662
040 ## - CATALOGING SOURCE
Original cataloging agency FISKH
Transcribing agency FISKH
050 ## - LIBRARY OF CONGRESS CALL NUMBER
Classification number PZ7
082 ## - DEWEY DECIMAL CLASSIFICATION NUMBER
Classification number 813.6
100 ## - MAIN ENTRY--PERSONAL NAME
Personal name Harrington, Kim
245 ## - TITLE STATEMENT
Title sleuth or dare /
Remainder of title Framed & Dangerous
Statement of responsibility, etc. Kim Harrington
260 ## - PUBLICATION, DISTRIBUTION, ETC.
Place of publication, distribution, etc. New York
Name of publisher, distributor, etc. Scholastic
Date of publication, distribution, etc. 2012
300 ## - PHYSICAL DESCRIPTION
Extent 176 p.
Dimensions 20 cm.
490 ## - SERIES STATEMENT
Series statement sleuth or dare
Volume/sequential designation v. 3
505 ## - FORMATTED CONTENTS NOTE
Formatted contents note K
520 ## - SUMMARY, ETC.
Summary, etc. Happily accepting a case from her crush Zane, who has been wrongly accused of stealing money from the school store, Norah and her best friend, Darcy, resolve to prove his innocence in spite of the principal's opinions.
521 8# - TARGET AUDIENCE NOTE
Target audience note 580
Source Lexile
521 8# - TARGET AUDIENCE NOTE
Target audience note K
Source Raz-Pas
942 ## - ADDED ENTRY ELEMENTS (KOHA)
Source of classification or shelving scheme Dewey Decimal Classification
Koha item type Books
Suppress in OPAC No
Holdings
Withdrawn status Lost status Source of classification or shelving scheme Damaged status Not for loan Collection Home library Current library Shelving location Date acquired Total Checkouts Full call number Barcode Date last seen Date last checked out Price effective from Koha item type
    Dewey Decimal Classification     Juvenile Fiction Footprints International School Library Network Toul Kork Campus Footprints International School Library Network Toul Kork Campus TK Primary Library Room(4th Floor), Bookcase 3&4, Shelves 17-32, Yellow Books 03/01/2023 1 HAR 813.6 PZ7 FISTK04890 10/05/2023 09/28/2023 03/01/2023 Books